000 00720cam a2200205 4500
999 _c3524
_d3524
001 4275
005 20190808125809.0
008 090422m20089999bt a 000 0 eng
010 _a 2009311139
020 _a978993677000
041 1 _aeng
_hdzo
043 _aa-bt---
245 0 0 _aགནས་ཡིག་ཀུན་ཕན་ལམ་སྟོན། ལྷུན་རྩེ་རྫོང་ཁག།
_cSangay Dendup.
260 _aThimphu :
_bMinistry of Home & Cultural Affairs,
_c2013.
300 _a185 p. :
_bcol. ill. ;
_c25 cm.
650 0 _aBuddhist monasteries
_zBhutan
_vGuidebooks.
650 0 _aBuddhist pilgrims and pilgrimages
_zBhutan
_vGuidebooks.
700 0 _aDendup, Sangay..
942 _2ddc
_cDZONGKHA